Manejo cultural del vivero
Gran parte de la calidad del material vegetal se basa en las apropiadas actividades de manejo en el vivero, las cuales estǹ determinadas por las prc̀ticas adecuadas, la constante de observacin̤ y vigilancia de las plantas para detectar signos de deficiencia de nutrientes, enfermedades, estrš o inv...
Збережено в:
| Інші автори: | |
|---|---|
| Формат: | Книга |
| Мова: | Іспанська |
| Предмети: | |
| Онлайн доступ: | Manejo cultural del vivero |
| Теги: |
Додати тег
Немає тегів, Будьте першим, хто поставить тег для цього запису!
|
MARC
| LEADER | 00000nam a22000004a 4500 | ||
|---|---|---|---|
| 001 | vpro5749 | ||
| 005 | 20201223000000.0 | ||
| 008 | 130521s2014 ck # g## #001 0#spa#d | ||
| 020 | |||
| 022 | |||
| 040 | |a CO-BoINGC | ||
| 041 | 0 | |a spa | |
| 245 | 1 | 0 | |a Manejo cultural del vivero |
| 246 | |a Cultural Nursery Management | ||
| 264 | |a Bogot ̀(Colombia) : |b Revista VirtualPRO, |c 2014 | ||
| 520 | 3 | |a Gran parte de la calidad del material vegetal se basa en las apropiadas actividades de manejo en el vivero, las cuales estǹ determinadas por las prc̀ticas adecuadas, la constante de observacin̤ y vigilancia de las plantas para detectar signos de deficiencia de nutrientes, enfermedades, estrš o invasin̤ de malezas. | |
| 650 | \ | \ | |a Silvicultura |
| 650 | \ | \ | |a Gestin̤ ambiental |
| 650 | \ | \ | |a Silviculture |
| 650 | \ | \ | |a Environmental management |
| 650 | \ | \ | |a medio ambiente |
| 650 | \ | \ | |a conservacin̤ ambiental |
| 650 | \ | \ | |a vivero |
| 650 | \ | \ | |a environment |
| 650 | \ | \ | |a environmental conservation |
| 650 | \ | \ | |a nursery |
| 700 | \ | \ | |a Virtual Pro |
| 856 | |z Manejo cultural del vivero |u https://virtualpro.unach.elogim.com/biblioteca/manejo-cultural-del-vivero | ||